000 00467nam a2200181 a 4500
001 17164
005 20180713210253.0
008 140415s1988 000 0 spa d
020 _a8474901898
041 _aspa
082 _a248.4
_bPER
100 1 _aPEREZ DE LABORDO, ALFONSO
245 1 0 _aDISCERNIMIENTO Y HUMILDAD
260 _a[s.l.] :
_bENCUENTRO,
_c1988
300 _a195
490 _aLIBROS DE BOLSILLO
_v44
650 1 4 _aVIDA CRISTIANA
999 _c17164
_d17164